Estadísticas para Países que producen más cordero

Haz click aquí para intentar la prueba.

Estadísticas generales

  • Esta prueba ha sido intentada 35 veces
  • La puntuación promedio es 14 de 20

Estadísticas de respuestas

toneladas
x 1000
país% Correcto
122España
100%
2080China
97%
117Francia
97%
173Rusia
91%
296India
88%
130Irán
85%
607Australia
82%
148Marruecos
79%
164Pakistán
79%
249Turquía
79%
262Argelia
76%
285Reino Unido
73%
134Sudáfrica
70%
447Nueva Zelanda
64%
112Afganistán
52%
127Kazajistán
52%
183Siria
52%
133Turkmenistán
45%
115Uzbekistán
42%
170Nigeria
39%

Distribución de puntuación

Porcentaje por número respondido

Porcentaje de gente con cada puntuación

Historial de tus puntuaciones

No has intentado esta prueba.